000 00785cab a2200229 4500
001 WB3208-37
008 090401t1996 xxu||||| |||| 00| 0 eng d
035 _a(Sirsi) u34560
041 _aeng
245 _aParty Wall Bill `surveyor` definition
260 _c1996
350 _a0
490 _aProperty Week
_v54(8) 22 February 1996, 7(1)
520 _aThe Party Wall Bill is now before the House of Lords, with decisions still having to be made on whether disputes should be exclusively settled by surveyors, and what should actually constitute a `competent surveyor`.
650 _aBoundary disputes
_96221
650 _aDISPUTES
650 _aPARTY WALL BILL
650 _aParty walls
_96258
690 _aPROPERTY LAW AND PRACTICE
942 _n0
948 _c04/03/1997
999 _c22871
_d22871